Technical Independence. (Record no. 6775)

MARC details
000 -LEADER
fixed length control field 00393nam a22001577a 4500
003 - CONTROL NUMBER IDENTIFIER
control field OSt
005 - DATE AND TIME OF LATEST TRANSACTION
control field 20210215130501.0
008 - FIXED-LENGTH DATA ELEMENTS--GENERAL INFORMATION
fixed length control field 210215b ||||| |||| 00| 0 eng d
020 ## - INTERNATIONAL STANDARD BOOK NUMBER
International Standard Book Number 9280807587
040 ## - CATALOGING SOURCE
Original cataloging agency MUST
Transcribing agency MUST
082 ## - DEWEY DECIMAL CLASSIFICATION NUMBER
Classification number 338.9 TECH 1994
245 ## - TITLE STATEMENT
Title Technical Independence.
Remainder of title The Asian Experience
300 ## - PHYSICAL DESCRIPTION
Extent 372p.
Other physical details ill.
Dimensions 28cm.
650 ## - SUBJECT ADDED ENTRY--TOPICAL TERM
Topical term or geographic name as entry element Economy
9 (RLIN) 1048
942 ## - ADDED ENTRY ELEMENTS (KOHA)
Source of classification or shelving scheme Dewey Decimal Classification
Koha item type Open Shelf
Holdings
Withdrawn status Lost status Source of classification or shelving scheme Damaged status Not for loan Home library Current library Date acquired Source of acquisition Inventory number Total Checkouts Full call number Barcode Date last seen Price effective from Koha item type
    Dewey Decimal Classification     MUST Main Library MUST Main Library 15/02/2021 Donation 15034   338.9 TEC 1994 2021-0134 15/02/2021 15/02/2021 Open Shelf